000 00594nam a2200229Ia 4500
003 OSt
005 20221006164949.0
006 a|||||r|||| 00| 0
007 ta
008 221006b |||||||| |||| 00| 0 hin d
024 _a4,063
037 _cTextual
040 _aFML
_cFML
_bhin
041 _2hin
_ahin
082 _aNS445,J, [K2]
100 _aGarg Lakshminarayan Au.
245 0 _aKathak Nritya
260 _aHathras
_bSangeet Karyalaya India
300 _a262
_ccm.
942 _hNS445,J, [K2]
_cTEXL
_2CC
999 _c1119092
_d1119092